Технологическая геомеханика: численное моделирование задач геомеханики при подземной разработке рудных месторождений: монография

Detalhes bibliográficos
Autor principal: Аллилуев В. Н. Валерий Николаевич
Resumo:В монографии показана перспективность использования численного метода исследования напряжённо-деформированного состояния массива горных пород и разработанного программного обеспечения при решении геомеханических и технологических задач подземной отработки полезных ископаемых. Изложены методы представления, обработки и интерпретации результатов расчёта напряжённо-деформированного состояния породного массива. Приведены результаты исследований и выполнены расчёты напряжённо-деформированного состояния различных месторождений полезных ископаемых. На примерах горно-геологических условий медных, полиметаллических, железорудных месторождений решены задачи технологической геомеханики, оценки прочности и устойчивости конструктивных элементов перспективных систем разработки. Книга предназначена для научных и инженерно-технических работников горной промышленности, проектных институтов и может быть полезна для студентов обучающихся по направлению «Горное дело».
Idioma:russo
Publicado em: Старый Оскол, ТНТ, 2007
Assuntos:
Formato: Livro
KOHA link:https://koha.lib.tpu.ru/cgi-bin/koha/opac-detail.pl?biblionumber=132463

MARC

LEADER 00000nam0a2200000 4500
001 132463
005 20231101220351.0
010 |a 9785941781409 
035 |a (RuTPU)RU\TPU\book\143434 
090 |a 132463 
100 |a 20080304d2007 k y0rusy50 ca 
101 0 |a rus 
102 |a RU 
105 |a a z 001zy 
200 1 |a Технологическая геомеханика: численное моделирование задач геомеханики при подземной разработке рудных месторождений  |e монография  |f В. Н. Аллилуев 
210 |a Старый Оскол  |c ТНТ  |d 2007 
215 |a 240 с.  |c ил. 
320 |a Библиогр.: с. 230-236. 
330 |a В монографии показана перспективность использования численного метода исследования напряжённо-деформированного состояния массива горных пород и разработанного программного обеспечения при решении геомеханических и технологических задач подземной отработки полезных ископаемых. Изложены методы представления, обработки и интерпретации результатов расчёта напряжённо-деформированного состояния породного массива. Приведены результаты исследований и выполнены расчёты напряжённо-деформированного состояния различных месторождений полезных ископаемых. На примерах горно-геологических условий медных, полиметаллических, железорудных месторождений решены задачи технологической геомеханики, оценки прочности и устойчивости конструктивных элементов перспективных систем разработки. Книга предназначена для научных и инженерно-технических работников горной промышленности, проектных институтов и может быть полезна для студентов обучающихся по направлению «Горное дело». 
606 1 |a Геомеханика глубинная  |2 stltpush  |3 (RuTPU)RU\TPU\subj\6195  |9 34132 
610 1 |a компьютерное моделирование 
610 1 |a рудные месторождения 
610 1 |a разработка 
610 1 |a параметры 
610 1 |a геомеханическое обоснование 
610 1 |a техногенные пространства 
610 1 |a устойчивость 
610 1 |a горно-геологические условия 
610 1 |a горнотехнические условия 
610 1 |a Коробковское месторождение 
610 1 |a Лебединское месторождение 
610 1 |a Яковлевское месторождение 
610 1 |a огнеупорные глины 
610 1 |a расчеты 
675 |a 622.831  |v 3 
700 1 |a Аллилуев  |b В. Н.  |g Валерий Николаевич 
801 1 |a RU  |b 63413507  |c 20080304  |g PSBO 
801 2 |a RU  |b 63413507  |c 20140905  |g PSBO 
942 |c BK 
959 |a 25/20080304  |d 1  |e 230,00  |f ЧЗТЛ:1